UBT Library

Praktika Profesionale dhe Menaxhimi i Burimeve Njerezore (Record no. 54694)

000 -LEADER
fixed length control field 00298nam a22001217a 4500
008 - FIXED-LENGTH DATA ELEMENTS--GENERAL INFORMATION
fixed length control field 190311b xxu||||| |||| 00| 0 eng d
041 ## - LANGUAGE CODE
Language code of text/sound track or separate title eng
080 ## - UNIVERSAL DECIMAL CLASSIFICATION NUMBER
Universal Decimal Classification number 043.3
100 ## - Rafti
Rafti 0
101 ## - Shkurtesa
Shkurtesa SHP-BA
245 ## - TITLE STATEMENT
Title Praktika Profesionale dhe Menaxhimi i Burimeve Njerezore
Statement of responsibility, etc Deliu, E
942 ## - ADDED ENTRY ELEMENTS (KOHA)
Source of classification or shelving scheme
Item type Books
Holdings
Withdrawn status Lost status Source of classification or shelving scheme Damaged status Not for loan Collection code Permanent location Current location Shelving location Date acquired Total Checkouts Full call number Barcode Date last seen Price effective from Koha item type
          Koleksioni i përgjithshem UBT - Lipjan UBT - Lipjan Disertacionet 03/11/2019   043.3 Deliu, E 2018 SHP 002-3023168 03/11/2019 03/11/2019 Books
UBT Library © 2015-2024. All rights reserved University Education for Business and Technology